Top 100 prénoms garçons 2011 à 2021 - Statistiques

Statistiques générales
  • Ce quiz a été pris 4 986 fois
    4 331 depuis la dernière actualisation
  • Le résultat moyen est 34 sur 100
Statistiques - réponses
Hint Première lettre Réponse % Correct
12 L Léo
85%
6 L Louis
75%
2 L Lucas
75%
10 T Théo
75%
15 P Paul
72%
3 G Gabriel
71%
16 J Jules
68%
8 N Nathan
67%
27 T Thomas
65%
11 H Hugo
63%
4 M Mathis
63%
1 E Enzo
62%
50 N Noa
62%
20 M Mathéo
60%
18 T Tom
60%
29 M Maxime
59%
37 A Antoine
58%
80 Q Quentin
57%
28 A Alexandre
55%
13 A Arthur
55%
34 V Valentin
54%
7 R Raphaël
53%
5 E Ethan
52%
83 J Jean
52%
25 V Victor
51%
60 E Elio
49%
38 N Noé
47%
40 A Alexis
45%
17 C Clément
45%
9 M Maël
45%
58 B Baptiste
44%
41 M Martin
44%
21 N Noah
43%
45 L Léon
42%
46 K Kylian
41%
77 W William
40%
68 M Maxence
39%
76 M Mohamed
39%
32 S Simon
39%
23 T Timéo
39%
90 Y Yanis
39%
33 A Axel
38%
26 S Sacha
38%
24 G Gabin
37%
19 N Nolan
37%
36 S Samuel
37%
47 E Evan
36%
22 L Liam
36%
82 C Corentin
34%
14 A Adam
33%
91 E Eliott
32%
51 B Benjamin
31%
43 G Gaspard
29%
30 R Robin
29%
87 C Camille
27%
54 D David
27%
44 E Esteban
27%
61 T Thibault
27%
92 F Florian
25%
48 M Malo
25%
70 N Nino
25%
79 R Rayan
25%
84 C Charlie
23%
55 M Marius
23%
64 T Timothée
23%
74 M Milo
22%
85 N Naël
21%
42 N Noam
21%
35 A Aaron
20%
99 A Antonin
20%
31 E Eden
20%
49 M Mathys
19%
78 A Augustin
18%
62 L Léandre
16%
52 L Lenny
15%
39 L Lorenzo
15%
53 T Tiago
15%
72 J Joseph
14%
59 M Marceau
14%
57 M Milan
14%
88 P Pablo
14%
73 I Isaac
13%
95 J Julian
13%
56 L Louka
13%
98 N Nathanaël
13%
89 S Soan
13%
65 C Côme
12%
97 E Elias
11%
93 A Amaury
10%
63 O Owen
10%
75 R Rafaël
10%
94 I Ismaël
9%
96 K Kaïs
9%
100 L Logan
9%
66 L Lyam
9%
86 M Mahé
8%
67 S Sohan
8%
81 A Amir
7%
71 A Ayden
7%
69 M Mattia
6%
Aucun quiz correspondant
Distribution des résultats
% des personnes avec chaque résultat
Percentile par nombre de réponses
Votre historique - résultats
Vous n’avez pas pris ce quiz depuis la dernière actualisation